Southville International School and Colleges
Your cart is empty.
  • Cart
  • Lists
    Public lists Eva Luna New books Lux_list list_1
    Your lists Log in to create your own lists
  • Log in to your account
  • Your cookies
  • Search history
Southville International School and Colleges
  • Advanced search
  • Recent comments
  • Most popular
  • Libraries

Log in to your account

Log in with GOOGLE


If you do not have an external account, but do have a local account, you can still log in:

  1. Home
  2. MARC view: Everything a new elementary school teacher really needs to know :
Normal view MARC view ISBD view

Everything a new elementary school teacher really needs to know : (Record no. 284480)

[ view plain ]
MARC details
000 -LEADER
fixed length control field 01595cam a2200361 i 4500
001 - CONTROL NUMBER
control field 17579559
003 - CONTROL NUMBER IDENTIFIER
control field PILC
005 - DATE AND TIME OF LATEST TRANSACTION
control field 20150528130827.0
008 - FIXED-LENGTH DATA ELEMENTS--GENERAL INFORMATION
fixed length control field 130104s2012 mnu b 001 0 eng
010 ## - LIBRARY OF CONGRESS CONTROL NUMBER
LC control number 2012046272
020 ## - INTERNATIONAL STANDARD BOOK NUMBER
International Standard Book Number 9781575424286 (pbk.)
020 ## - INTERNATIONAL STANDARD BOOK NUMBER
International Standard Book Number 1575424282 (pbk.)
020 ## - INTERNATIONAL STANDARD BOOK NUMBER
Cancelled/invalid ISBN 9781575426433 (e-book)
040 ## - CATALOGING SOURCE
Original cataloging agency DLC
Language of cataloging eng
Transcribing agency DLC
Description conventions rda
Modifying agency DLC
042 ## - AUTHENTICATION CODE
Authentication code pcc
050 00 - LIBRARY OF CONGRESS CALL NUMBER
Classification number LB 1555
Item number .K92 2013
082 00 - DEWEY DECIMAL CLASSIFICATION NUMBER
Classification number 371.14/40973
100 1# - MAIN ENTRY--PERSONAL NAME
Personal name Kriegel, Otis.
245 10 - TITLE STATEMENT
Title Everything a new elementary school teacher really needs to know :
Remainder of title (but didn't learn in college) /
Statement of responsibility, etc Otis Kriegel, M.S.Ed.
260 ## - PUBLICATION, DISTRIBUTION, ETC. (IMPRINT)
Place of publication, distribution, etc MN :
Name of publisher, distributor, etc Free Spirit Publishing Inc. ;
Date of publication, distribution, etc 2013.
300 ## - PHYSICAL DESCRIPTION
Extent 233 pages :
Dimensions 19 cm
Other physical details illustrations ;
500 ## - GENERAL NOTE
General note Includes bibliographical references and index.
650 #0 - SUBJECT ADDED ENTRY--TOPICAL TERM
Topical term or geographic name as entry element Elementary school teaching
Geographic subdivision United States.
650 #0 - SUBJECT ADDED ENTRY--TOPICAL TERM
Topical term or geographic name as entry element First year teachers
Geographic subdivision United States.
650 #0 - SUBJECT ADDED ENTRY--TOPICAL TERM
Topical term or geographic name as entry element Classroom management
Geographic subdivision United States.
776 08 - ADDITIONAL PHYSICAL FORM ENTRY
Display text Online version:
Main entry heading Kriegel, Otis.
Title Everything a new elementary school teacher really needs to know
Place, publisher, and date of publication Minneapolis, MN : Free Spirit Pub., 2012
International Standard Book Number 9781575426433
Record control number (DLC) 2013000647
856 42 - ELECTRONIC LOCATION AND ACCESS
Materials specified Contributor biographical information
Uniform Resource Identifier <a href="http://www.loc.gov/catdir/enhancements/fy1305/2012046272-b.html">http://www.loc.gov/catdir/enhancements/fy1305/2012046272-b.html</a>
856 42 - ELECTRONIC LOCATION AND ACCESS
Materials specified Publisher description
Uniform Resource Identifier <a href="http://www.loc.gov/catdir/enhancements/fy1305/2012046272-d.html">http://www.loc.gov/catdir/enhancements/fy1305/2012046272-d.html</a>
856 41 - ELECTRONIC LOCATION AND ACCESS
Materials specified Table of contents only
Uniform Resource Identifier <a href="http://www.loc.gov/catdir/enhancements/fy1308/2012046272-t.html">http://www.loc.gov/catdir/enhancements/fy1308/2012046272-t.html</a>
906 ## - LOCAL DATA ELEMENT F, LDF (RLIN)
a 7
b cbc
c orignew
d 1
e ecip
f 20
g y-gencatlg
942 ## - ADDED ENTRY ELEMENTS (KOHA)
Source of classification or shelving scheme Library of Congress Classification
Koha item type Books
Call number prefix Foreign
Holdings
Withdrawn status Lost status Source of classification or shelving scheme Damaged status Home library Current library Shelving location Date acquired Source of acquisition Sub Shelving location Total Checkouts Total Renewals Full call number Barcode Date last seen Date checked out Price effective from Koha item type
    Library of Congress Classification   College Library College Library Reserve Section 05/28/2015 Donation   1 31 LB 1555 .K92 2013 C19406 05/15/2018 06/15/2015 05/28/2015 Books

Everything a new elementary school teacher really needs to know :

APA

Kriegel O., . (2013). Everything a new elementary school teacher really needs to know. MN: Free Spirit Publishing Inc.

Chicago

Kriegel Otis, . 2013. Everything a new elementary school teacher really needs to know. MN: Free Spirit Publishing Inc.

Harvard

Kriegel O., . (2013). Everything a new elementary school teacher really needs to know. MN: Free Spirit Publishing Inc.

MLA

Kriegel Otis, . Everything a new elementary school teacher really needs to know. MN: Free Spirit Publishing Inc. 2013.

  • Place hold
  • Print
  • Cite
  • Add to your cart (remove)
  • Save record
    BIBTEX Dublin Core MARCXML MARC (non-Unicode/MARC-8) MARC (Unicode/UTF-8) MARC (Unicode/UTF-8, Standard) MODS (XML) RIS
  • More searches
    Search for this title in:
    Other Libraries (WorldCat) Other Databases (Google Scholar) Online Stores (Bookfinder.com) Open Library (openlibrary.org)

Exporting to Dublin Core...

SOUTHVILLE LIBRARY

Southville International School and Colleges Library

1281 Tropical Ave. Cor. Luxembourg St., BF Homes International, Las Pinas City

Tel. No. 8256374 / 252358 Loc. 117/146

Powered by Koha